| 000 | 01038nam0a22002411i 4500 | ||
|---|---|---|---|
| 001 | rc\3510205 | ||
| 005 | 20240726095616.0 | ||
| 021 |
_aRU _b74-290а |
||
| 035 | _a(NLR Aleph) 007617752 | ||
| 090 |
_a5886624 _c5886624 |
||
| 100 | _a20130115d1973 |||y0rusy50 ca | ||
| 101 | 0 | _arus | |
| 102 | _aRU | ||
| 105 | _ay d ||||| | ||
| 200 | 1 |
_aЭффективность разводных грязевых ванн при лечении детей больных ревматизмом во внеприступном периоде _e(Клинико-эксперим. исследование) _eАвтореф. дис. на соиск. учен. степени канд. мед. наук _fКиев. мед. ин-т им. акад. А.А. Богомольца |
|
| 210 |
_aКиев _d1973 |
||
| 215 | _a13 с. | ||
| 320 | _aСписок работ авт.: с. 12-13 | ||
| 700 | 1 |
_aБондарь _bС.В. _gСаида Владимировна |
|
| 801 | 0 |
_aRU _bNLR _gpsbo |
|
| 801 | 1 |
_aRU _bELAR _2rusmarc |
|
| 852 |
_aNLR _j74-4/15 |
||
| 942 | _cBOOK | ||